000 00287nam a22001337a 4500
020 _a81-291-0592-6
082 _a822
_bSHA/A
100 _aSHAKESPEARE, WILLIAM
245 _aANTONY& CLEOPATRA
260 _aNEW DELHI
_bRUPA.CO
300 _a176
650 _aPLAY
_zNEW DELHI
942 _cBK
999 _c3516
_d3516